000 00516nam a2200169Ia 4500
003 GCL
008 140319s9999 xx 000 0 eng d
040 _aGCL /
_cGCL
082 0 4 _aCC
_b916.2
_bS G
100 1 _aOMAR, TOUSSAUN
245 1 0 _aLA GEOGRAPHIE DE L'EGYPTE A L'EPOQUE ARABE ( VOL. 68, 69 ) /
_cOMAR, TOUSSAUN
260 _a[S.N] :
_bINSTITUTE FOR THE HISTORY OF ARABIC SCIE ،
_c1992
650 0 4 _aGEOGRAPHY
650 0 4 _aGEOGRAPHY - EGYPT
650 0 4 _aEGYPT - DESCRIPTION AND TRAVEL
942 _2ddc
_cBK
999 _c16124
_d16124